Sociálny pedagóg v škole kompetencia intervencie a kompetencia poradenstva

Bibliographic Details
Main Authors: Bizová, Naďa, 1980- (Author), Neslušanová, Silvia (Author)
Format: Article
Language:Slovak
PhysicalDescription:Fotogr.
ISSN:1336-7161
Subjects:

MARC

LEADER 00000nab a2200000 ar4500
001 vtls010292953
003 SK-MaSNL
005 20260304174416.0
008 110718c2011 xo mr|p|||an |000 b|slo
015 |a SNBRB2011/07 
038 |a SPK 
040 |a SPKCL  |b slo  |c AACR2  |e AACR2 
041 0 |a slo  |b slo 
044 |a xo  |c SK 
072 7 |a 364-1/-7  |x Druhy sociálnej pomoci a služieb  |2 konspekt 
072 7 |a 37  |x Výchova a vzdelávanie  |2 konspekt 
080 |a 364-782-022.258  |2 2001 
080 |a 37.048.3  |2 2001 
080 |a 371.125.8  |2 2001 
100 1 |a Bizová, Naďa,  |d 1980-  |4 aut  |9 233419 
245 1 0 |a Sociálny pedagóg v škole  |b kompetencia intervencie a kompetencia poradenstva  |c Naďa Bizová, Silvia Neslušanová 
300 |b Fotogr. 
500 |a Pokračovanie v nasledujúcej časti 
504 |a Bibliogr. odkazy 
546 |a Res. slov. 
650 0 7 |a sociálna deviácia  |2 snkbucl  |9 4928 
650 0 7 |a sociální pedagógovia  |2 snkbucl  |9 52131 
650 0 7 |a profesijné kompetencie  |2 snkbucl  |9 74959 
650 0 7 |a krízová intervencia  |2 snkbucl  |9 4330 
650 0 7 |a výchovné poradenstvo  |2 snkbucl  |9 3605 
650 0 7 |a základné školy  |2 snkbucl  |9 1280 
700 1 |a Neslušanová, Silvia  |4 aut  |9 706035 
773 0 |t Pán učiteľ  |g Roč. 4, č. 5 (2010/11), s. 10-11  |x 1336-7161 
852 |a SPK  |b KIS3GCP 
958 |a NB  |2 snkbucl 
999 |c 3008613  |d 3010543